Movies Quiz

Random Movies or Animation Quiz

Claymation Movie Slideshow Quiz Stats

 Plays Quiz Updated Jul 11, 2020

Support Sporcle.
Go Orange.
Score 0/14 Timer 04:00
3 Plays Today
% Correct
The Nightmare Before Christmas
91.9%
Wallace and Gromit: The Curse of the Were-Rabbit
91.6%
Chicken Run
91.3%
Corpse Bride
89.6%
Fantastic Mr. Fox
85%
Coraline
80.9%
Frankenweenie
76.1%
% Correct
James and the Giant Peach
74.9%
Shaun the Sheep Movie
69%
The Boxtrolls
56.9%
ParaNorman
51.9%
The Pirates! Band of Misfits
49.6%
Kubo and the Two Strings
43.2%
Anomalisa
15.2%

From the Vault

Star Wars References on TV

by Michiel

In these shows, references to Star Wars you will find.
Remove Ads.
Support Sporcle.
Get the best of Sporcle when you Go Orange. This ad-free experience offers more features, more stats, and more fun while also helping to support Sporcle. Thank you for becoming a member.

Show Comments

Extras

Top Quizzes Today


Score Distribution

Your Account Isn't Verified!

In order to create a playlist on Sporcle, you need to verify the email address you used during registration. Go to your Sporcle Settings to finish the process.

Report this User

Report this user for behavior that violates our Community Guidelines.

Details: